[Event "Michigan Action"]
[Site "Detroit, MI"]
[Date "2000.12.16"]
[Round "5.16"]
[White "Almasy, Roy"]
[Black "Wilder, Derek"]
[Result "1-0"]
[WhiteElo "1141"]
[BlackElo "876"]
[PlyCount "46"]
[EventDate "2000.12.16"]

1. e4 c5 2. Nf3 Nc6 3. Bb5 e6 4. Bxc6 bxc6 5. O-O d5 6. exd5 cxd5 7. d4 Nf6 8.
dxc5 Bxc5 9. Bg5 O-O 10. Ne5 Bd7 11. Qf3 h6 12. Bh4 Be7 13. Ng4 Nxg4 14. Bxe7
Qxe7 15. Qxg4 Rac8 16. Rd1 Bc6 17. b3 Qg5 18. Qxg5 hxg5 19. Rc1 d4 20. Nd2 Bb5
21. Rd1 e5 22. Re1 f6 23. c4 Bd7 1-0

[Event "Michigan Action"]
[Site "Detroit, MI"]
[Date "2000.12.16"]
[Round "1.1"]
[White "Almasy, Roy"]
[Black "Finegold, Ben"]
[Result "0-1"]
[WhiteElo "1141"]
[BlackElo "2588"]
[PlyCount "74"]
[EventDate "2000.12.16"]

1. e4 c5 2. Nf3 Nc6 3. Bb5 e6 4. Bxc6 bxc6 5. O-O Ne7 6. Nc3 Ng6 7. d3 e5 8.
Re1 Be7 9. Be3 O-O 10. a3 d6 11. h3 f5 12. exf5 Bxf5 13. Qd2 Bxh3 14. Ng5 Bf5
15. Nce4 Qd7 16. Nf3 Bxe4 17. dxe4 Rxf3 18. gxf3 Nh4 19. Kf1 Nxf3 20. Qd1 Qg4
21. Ke2 Nxe1+ 22. Kxe1 Qxe4 23. Qe2 Rf8 24. Kd2 d5 25. Rg1 Rf7 26. Kc1 c4 27.
Qh5 c3 28. b3 Bxa3+ 29. Kb1 Bf8 30. Rg4 Qf3 31. Rxg7+ Bxg7 32. Qxf3 Rxf3 33.
Bxa7 d4 34. Ka2 Rxf2 35. Ka3 Bf8+ 36. Ka4 Rxc2 37. Bb8 Ra2# 0-1

[Event "Michigan Action"]
[Site "Detroit, MI"]
[Date "2000.12.16"]
[Round "5.3"]
[White "Aldrich, Justin"]
[Black "al-Shareef, Robert"]
[Result "0-1"]
[WhiteElo "1637"]
[BlackElo "1841"]
[PlyCount "53"]
[EventDate "2000.12.16"]

1. e4 c5 2. Nf3 d6 3. Bb5+ Bd7 4. Bxd7+ Nxd7 5. O-O Ngf6 6. Re1 e5 7. Nc3 Be7
8. d3 h6 9. h3 a6 10. Nh2 b5 11. a3 Nb6 12. f4 O-O 13. fxe5 dxe5 14. Ng4 Rc8
15. Be3 Qc7 16. Qf3 b4 17. Ne2 a5 18. Nxf6+ Bxf6 19. Bxh6 c4 20. Ng3 Rfe8 21.
Nh5 Re6 22. Qg4 g6 23. Rf1 Bh8 24. Rf2 Qc5 25. Qg5 Qe7 26. Qg4 Kh7 27. Bg5 {
End of scoresheet.} 0-1

[Event "Michigan Action"]
[Site "Detroit, MI"]
[Date "2000.12.16"]
[Round "1.14"]
[White "Aldrich, Justin"]
[Black "Wilder, Derek"]
[Result "1-0"]
[WhiteElo "1637"]
[BlackElo "876"]
[PlyCount "27"]
[EventDate "2000.12.16"]

1. e4 c5 2. Nf3 Nc6 3. Bb5 g6 4. O-O Bg7 5. c3 a6 6. Bxc6 bxc6 7. d4 cxd4 8.
cxd4 e6 9. Bg5 Ne7 10. Qd2 Rb8 11. Nc3 O-O 12. Bh6 Bxh6 13. Qxh6 Re8 14. Ng5
1-0

[Event "Michigan Action"]
[Site "Detroit, MI"]
[Date "2000.12.16"]
[Round "4.7"]
[White "Aldrich, Justin"]
[Black "Hartsfield, Jonathan"]
[Result "1-0"]
[WhiteElo "1637"]
[BlackElo "1096"]
[PlyCount "57"]
[EventDate "2000.12.16"]

1. e4 c5 2. Nf3 e6 3. c3 d6 4. Bb5+ Nc6 5. O-O Nf6 6. Re1 Qb6 7. Bxc6+ Qxc6 8.
e5 dxe5 9. Nxe5 Qc7 10. d4 cxd4 11. Qxd4 Be7 12. Bf4 Bd6 13. Qa4+ Bd7 14. Nxd7
Nxd7 15. Bxd6 Qxd6 16. Rd1 Qc7 17. Na3 O-O 18. Qxd7 Qxd7 19. Rxd7 Rab8 20. Rad1
Rfe8 21. Rc7 Kf8 22. Rdd7 Rec8 23. Rxf7+ Ke8 24. Rce7+ Kd8 25. Rxg7 Rc6 26.
Rxh7 Rd6 27. Kf1 Rb6 28. Reg7 Rxb2 29. Rg8# 1-0

[Event "Michigan Action"]
[Site "Detroit, MI"]
[Date "2000.12.16"]
[Round "3.5"]
[White "Aldrich, Jeff"]
[Black "Steen, Harold"]
[Result "1-0"]
[WhiteElo "1900"]
[BlackElo "1618"]
[PlyCount "67"]
[EventDate "2000.12.16"]

1. d4 f5 2. c4 Nf6 3. Nc3 g6 4. Nf3 d6 5. b3 Bg7 6. Bb2 O-O 7. e3 Nc6 8. Be2
Qe8 9. O-O e5 10. dxe5 dxe5 11. a3 e4 12. Nd4 Nxd4 13. Qxd4 c6 14. f3 exf3 15.
Bxf3 Ng4 16. Qd2 Qxe3+ 17. Qxe3 Nxe3 18. Rf2 Ng4 19. Bxg4 fxg4 20. Rxf8+ Kxf8
21. Rf1+ Bf5 22. h3 h5 23. hxg4 hxg4 24. Na4 Bh6 25. Be5 Ke7 26. Re1 Kd7 27.
Nc5+ Kc8 28. Bg3 Bd7 29. Re7 Bg5 30. Rg7 Be3+ 31. Kf1 Bxc5 32. Rg8+ Be8 33.
Rxe8+ Kd7 34. Rxa8 {End of scoresheets} 1-0

[Event "Michigan Action"]
[Site "Detroit, MI"]
[Date "2000.12.16"]
[Round "5.2"]
[White "Aldrich, Jeff"]
[Black "Ghobrial, Ameer"]
[Result "1-0"]
[WhiteElo "1900"]
[BlackElo "2103"]
[Annotator "Jeff Aldrich"]
[PlyCount "63"]
[EventDate "2000.12.16"]

1. d4 d5 2. c4 c6 3. Nc3 Nf6 4. Nf3 e6 5. Bg5 Bb4 6. Qb3 {I've found (the hard
way) that this is the best way to defend against the Cambridge Springs Defense.
Without the text move, black would play Qa5 followed by Ne4 with threats
against both Nc3 and Bg5.} Bxc3+ 7. bxc3 h6 8. Bxf6 Qxf6 9. e3 O-O 10. Rc1 {
The plan here is to exchange and then play the other pawn to c4.} Nd7 11. cxd5
exd5 12. Bd3 Nb6 {Effectively stopping the c4-push because white does not want
to give is bishop for the knight in this position.} 13. O-O Bf5 14. Bxf5 Qxf5
15. Nd2 Qd3 16. Rfd1 Rad8 {I think black's rooks would be more effective on
the e-file.} 17. c4 dxc4 18. Nxc4 Qxb3 19. axb3 Nd5 20. Na5 Rd7 21. g3 {The
primary purpose for this move is to stop the knight from going to f4 after an
e4-push, which black immediately prevents. It also creates a hole for any
potential bank-rank shapes down the road.} Re8 22. Nc4 f6 23. Ra1 b6 {With
this move, I achieved one of my goals in this position. Most of the manuevers
have been aimed at weakening black c-pawn and then using the half-open c-file.}
24. Rdc1 Nb4 25. Nb2 Rc8 26. Rc4 Nd5 27. Rac1 Ne7 28. Kf1 Kf7 29. Ke2 Ke6 30.
Nd3 g5 31. h4 Kd6 32. e4 {And this is where we stopped keeping score. To let
you know what happened, in time pressure, black eventually played Kc7 and then
moved his knight, allowing my rook to take on c6 and win the rook on c8.} 1-0

[Event "Michigan Action"]
[Site "Detroit, MI"]
[Date "2000.12.16"]
[Round "1.6"]
[White "Aldrich, Jeff"]
[Black "Finegold, Spencer"]
[Result "1-0"]
[WhiteElo "1900"]
[BlackElo "1015"]
[PlyCount "61"]
[EventDate "2000.12.16"]

1. d4 Nf6 2. c4 d5 3. Nc3 e6 4. Bg5 Bb4 5. Nf3 O-O 6. e3 h6 7. Bh4 Nc6 8. Bd3
Bd7 9. O-O Be7 10. Bxf6 Bxf6 11. cxd5 exd5 12. Nxd5 Be6 13. Nxf6+ Qxf6 14. a3
Rad8 15. Qc2 Bd5 16. e4 Be6 17. d5 Nd4 18. Nxd4 Qxd4 19. dxe6 Qxd3 20. Qxd3
Rxd3 21. exf7+ Rxf7 22. Rfe1 Rd2 23. f3 Rxb2 24. a4 Rf6 25. e5 Rg6 26. g3 Re6
27. f4 Rbb6 28. f5 Re8 29. Rad1 Rc6 30. Kg2 Rc5 31. Rd7 {End of Scoresheets}
1-0

[Event "Motor City Open"]
[Site "Warren, MI"]
[Date "2001.??.??"]
[Round "4"]
[White "LaButte, Jeff"]
[Black "Rucker, Ed"]
[Result "1-0"]
[WhiteElo "1555"]
[BlackElo "1116"]
[PlyCount "61"]
[EventDate "2001.11.23"]

1. e4 e6 2. d4 d5 3. Bd3 c5 4. Nf3 cxd4 5. Nxd4 Nc6 6. Be3 e5 7. Nxc6 bxc6 8.
O-O d4 9. Bd2 Nf6 10. c3 c5 11. Qb3 Be7 12. Bg5 O-O 13. Nd2 Bg4 14. Nc4 Be6 15.
Qa3 Bxc4 16. Bxc4 Nxe4 17. Bxe7 Qxe7 18. Bd5 Nf6 19. Bxa8 Rxa8 20. cxd4 exd4
21. Rfe1 Qc7 22. Qf3 Rd8 23. Rad1 c4 24. Qf5 d3 25. Qe5 Qb6 26. Qc3 Qc6 27. b3
Rc8 28. bxc4 Ne4 29. Qxd3 Nc5 30. Qd8+ Rxd8 31. Rxd8+ 1-0

[Event "Michigan Open Reserve"]
[Site "Lansing, MI"]
[Date "2001.??.??"]
[Round "5.7"]
[White "Hershberger, Kent"]
[Black "Kuhn, Tim"]
[Result "1-0"]
[WhiteElo "1463"]
[BlackElo "1672"]
[PlyCount "107"]
[EventDate "2001.08.31"]

1. e4 c6 2. d4 d5 3. Nd2 dxe4 4. Nxe4 Bf5 5. Ng3 Bg6 6. Nf3 Nd7 7. Bd3 Ngf6 8.
c3 Qc7 9. Be3 O-O-O 10. b4 Nd5 11. Qd2 e6 12. b5 c5 13. c4 Nxe3 14. fxe3 h5 15.
Bxg6 fxg6 16. Ng5 Re8 17. Qc2 Bd6 18. N5e4 Be7 19. O-O h4 20. Ne2 g5 21. h3 g4
22. Nf4 gxh3 23. Nxh3 Nf6 24. a4 Ng4 25. Rf4 Nxe3 26. Qd3 cxd4 27. Qxd4 Nxg2
28. Kxg2 Kb8 29. c5 e5 30. b6 axb6 31. cxb6 Qc2+ 32. Qf2 Qc6 33. Rg4 g5 34. Kh2
Qe6 35. Qe2 Ref8 36. Nexg5 Qxb6 37. a5 Qc7 38. Ne6 Qd6 39. Nxf8 e4+ 40. Kh1
Rxf8 41. Qh2 Qxh2+ 42. Kxh2 e3 43. Re4 Bd6+ 44. Kg2 Rg8+ 45. Kf1 Rg3 46. Rxh4
Bc5 47. Rc1 b6 48. axb6 Bxb6 49. Rb1 Rf3+ 50. Ke1 Rf6 51. Nf4 Ka7 52. Nd5 Ba5+
53. Ke2 Re6 54. Ra4 1-0

[Event "Michigan Masters/Experts"]
[Site "Grand Rapids, MI"]
[Date "2001.01.13"]
[Round "2"]
[White "Williams, Ron"]
[Black "Fischvogt, Eric"]
[Result "0-1"]
[WhiteElo "2016"]
[BlackElo "2230"]
[PlyCount "99"]
[EventDate "2001.01.13"]

1. c4 e5 2. Nc3 Nc6 3. g3 g6 4. Bg2 Bg7 5. d3 d6 6. Nf3 f5 7. Nd5 Nce7 8. Bg5
h6 9. Be3 Nf6 10. Nxf6+ Bxf6 11. Qc1 g5 12. h4 f4 13. Bd2 Nf5 14. hxg5 hxg5 15.
Rxh8+ Bxh8 16. g4 Nh6 17. Nh2 c6 18. f3 Qb6 19. Kf1 Be6 20. b4 O-O-O 21. Rb1
Kb8 22. Be1 e4 23. dxe4 Bd4 24. c5 dxc5 25. bxc5 Qxc5 26. Qxc5 Bxc5 27. Bc3 Nf7
28. a4 Ba2 29. Ra1 Bb3 30. Ke1 Bd4 31. Bxd4 Rxd4 32. a5 Ne5 33. Rb1 Ba4 34. Nf1
Nc4 35. Kf2 Bb5 36. Re1 Ne5 37. Ra1 Rb4 38. Ra2 c5 39. Nd2 c4 40. Rc2 Ra4 41.
Bf1 Ra3 42. Nb1 Rxa5 43. e3 Ra1 44. Rb2 c3 45. Nxc3 Rxf1+ 46. Kg2 Bd3 47. Rf2
Rxf2+ 48. Kxf2 b5 49. Ke1 Bc4 50. Nd5 0-1

[Event "Michigan Class A"]
[Site "Grand Rapids, MI"]
[Date "2001.01.13"]
[Round "1"]
[White "Williams, Ken"]
[Black "Bailey, Greg"]
[Result "0-1"]
[WhiteElo "1847"]
[BlackElo "1908"]
[PlyCount "66"]
[EventDate "2001.01.13"]

1. d4 Nf6 2. c4 g6 3. Nc3 Bg7 4. e4 O-O 5. f3 d6 6. Be3 Na6 7. Qd2 c5 8. d5 Bd7
9. Bd3 Nb4 10. Bb1 Qa5 11. a3 Na6 12. Bd3 Rfb8 13. Nge2 Qd8 14. O-O Nc7 15. b4
b6 16. Rab1 Qf8 17. e5 Nfe8 18. f4 cxb4 19. axb4 dxe5 20. f5 gxf5 21. Bxf5 Bxf5
22. Rxf5 Nd6 23. Rh5 f5 24. Bh6 Bxh6 25. Rxh6 Qg7 26. Rh3 Kh8 27. c5 bxc5 28.
bxc5 Rxb1+ 29. Nxb1 Ne4 30. Qd3 Qf7 31. d6 exd6 32. cxd6 Rd8 33. dxc7 Qxc7 0-1

[Event "Michigan Class A"]
[Site "Grand Rapids, MI"]
[Date "2001.01.13"]
[Round "3"]
[White "Vandivier, Don"]
[Black "Aldrich, Jeff"]
[Result "0-1"]
[WhiteElo "1816"]
[BlackElo "1900"]
[PlyCount "62"]
[EventDate "2001.01.13"]

1. e4 c6 2. Nf3 d5 3. Nc3 Bg4 4. h3 Bh5 5. exd5 cxd5 6. g4 Bg6 7. Bb5+ Nc6 8.
Ne5 Rc8 9. h4 d4 10. Qf3 Qd6 11. Nxg6 hxg6 12. Ne2 Nf6 13. c3 dxc3 14. dxc3 e5
15. g5 Qd5 16. Qh3 Rd8 17. Bxc6+ bxc6 18. Be3 Ne4 19. O-O Qc4 20. Qg4 Nd2 21.
Qxc4 Nxc4 22. Bxa7 Rxh4 23. f4 Rd2 24. b3 Rxe2 25. bxc4 Rg4+ 26. Kh1 Rgg2 27.
Rfe1 exf4 28. a4 Kd7 29. Bb6 Rh2+ 30. Kg1 Reg2+ 31. Kf1 f3 0-1

[Event "Michigan Masters/Experts"]
[Site "Grand Rapids, MI"]
[Date "2001.01.13"]
[Round "1"]
[White "Jarosz, Stan"]
[Black "Gregg, Alan"]
[Result "1/2-1/2"]
[WhiteElo "2061"]
[BlackElo "2162"]
[PlyCount "50"]
[EventDate "2001.01.13"]

1. d4 d5 2. c4 c6 3. Nf3 Nf6 4. Nc3 Bf5 5. cxd5 Nxd5 6. Qb3 Qb6 7. Qxb6 Nxb6 8.
Bf4 e6 9. e4 Bg6 10. Ne5 N8d7 11. Nxg6 hxg6 12. Be2 Be7 13. O-O Nf6 14. h3 O-O
15. a3 c5 16. dxc5 Bxc5 17. Rfd1 a6 18. Bd6 Bxd6 19. Rxd6 Nc8 20. Rd2 e5 21. f3
Ne7 22. Nd5 Nexd5 23. exd5 Rfd8 24. Rad1 Rd6 25. Bc4 Rc8 1/2-1/2

[Event "Michigan Class A"]
[Site "Grand Rapids, MI"]
[Date "2001.01.13"]
[Round "1"]
[White "Ho, Randy"]
[Black "Herndon, Robert"]
[Result "0-1"]
[WhiteElo "1865"]
[BlackElo "1817"]
[PlyCount "156"]
[EventDate "2001.01.13"]

1. e4 Nf6 2. e5 Nd5 3. Nc3 Nxc3 4. dxc3 d6 5. Bc4 Nc6 6. Bf4 Bf5 7. Nf3 e6 8.
O-O Be7 9. Bb5 O-O 10. Bxc6 bxc6 11. Nd4 Be4 12. Qe2 c5 13. Qxe4 cxd4 14. exd6
cxd6 15. cxd4 d5 16. Qe2 Bd6 17. Be5 Bxe5 18. Qxe5 Qb8 19. Qxb8 Raxb8 20. Rab1
Rfc8 21. Rfc1 Rc4 22. c3 Rbc8 23. f4 Kf8 24. Kf2 Ra4 25. Ra1 Rc6 26. Ke3 Rca6
27. a3 Rb6 28. Ra2 Rb3 29. Kd3 Ra6 30. Kc2 Rab6 31. a4 Ke7 32. Kb1 Kf6 33. Rc2
Kf5 34. g3 h5 35. Ra1 Kg4 36. Ka2 Kh3 37. Rf1 g6 38. f5 Kg4 39. fxg6 fxg6 40.
Rf7 a6 41. a5 Rb7 42. Rf6 R3b5 43. b4 e5 44. dxe5 d4 45. cxd4 Rxb4 46. Rb6
R7xb6 47. axb6 Rxb6 48. Rf2 g5 49. Ka3 h4 50. gxh4 gxh4 51. Ka4 Rb1 52. e6 Rd1
53. Rb2 Kf5 54. Kb4 Rxd4+ 55. Kc5 Re4 56. Rf2+ Kxe6 57. Kb6 Ra4 58. Kc5 Ke5 59.
Rb2 Kf4 60. Re2 Kf3 61. Rb2 Ra1 62. Rd2 Re1 63. Ra2 a5 64. Kd6 Re2 65. Rxa5
Rxh2 66. Ra3+ Kg4 67. Ra4+ Kh5 68. Ra5+ Kh6 69. Ke5 Rf2 70. Ra8 Kh5 71. Rh8+
Kg4 72. Rg8+ Kh3 73. Rh8 Kg3 74. Rg8+ Kh2 75. Ke4 h3 76. Rh8 Kg2 77. Ke3 Rf3+
78. Ke2 Rg3 0-1

[Event "Michigan Class A"]
[Site "Grand Rapids, MI"]
[Date "2001.01.13"]
[Round "2"]
[White "Herndon, Robert"]
[Black "Estlick, Laurence"]
[Result "1/2-1/2"]
[WhiteElo "1817"]
[BlackElo "1907"]
[PlyCount "114"]
[EventDate "2001.01.13"]

1. e4 e6 2. d4 d5 3. exd5 exd5 4. Bd3 Nf6 5. Nf3 Bg4 6. Be2 Bd6 7. O-O Nbd7 8.
Bg5 h6 9. Bh4 c6 10. c3 Qc7 11. Bg3 O-O-O 12. Bxd6 Qxd6 13. Nbd2 Rde8 14. Re1
Re7 15. Qc2 Rhe8 16. Bf1 Ne4 17. Nxe4 dxe4 18. Nd2 f5 19. Re3 g5 20. Ree1 Bh5
21. Be2 Bg6 22. Qd1 e3 23. fxe3 Nb6 24. Nc4 Nxc4 25. Bxc4 Rxe3 26. Rxe3 Rxe3
27. Qd2 Qe7 28. Kf2 f4 29. Re1 Rxe1 30. Qxe1 Qxe1+ 31. Kxe1 Kd7 32. Kd2 Be4 33.
g3 b5 34. Be2 fxg3 35. hxg3 Ke7 36. Bh5 Bd5 37. b3 Kf6 38. Kd3 Kf5 39. c4 Be4+
40. Ke3 Bb1 41. cxb5 cxb5 42. a3 a5 43. b4 axb4 44. axb4 Ba2 45. Bf3 Bf7 46.
Be2 h5 47. Bxb5 h4 48. gxh4 gxh4 49. Bd7+ Kf6 50. b5 Ke7 51. Bf5 Kd6 52. Be4 h3
53. b6 h2 54. b7 Kc7 55. Kf2 Bc4 56. Kg2 Ba6 57. Kxh2 Bxb7 1/2-1/2

[Event "Michigan Masters/Experts"]
[Site "Grand Rapids, MI"]
[Date "2001.01.13"]
[Round "1"]
[White "Gregg, Alan"]
[Black "Ciaffone, Bob"]
[Result "1/2-1/2"]
[WhiteElo "2162"]
[BlackElo "2100"]
[PlyCount "67"]
[EventDate "2001.01.13"]

1. e4 c5 2. Nf3 e6 3. Nc3 a6 4. g3 b5 5. Bg2 Bb7 6. d3 d6 7. O-O Nd7 8. Qe2 Be7
9. Nd1 Ngf6 10. Ne3 O-O 11. b3 Ne8 12. Bb2 Bf6 13. c4 Nc7 14. Ng4 Bxb2 15. Qxb2
e5 16. Nh4 Nb8 17. Qd2 Nc6 18. Nf5 Ne6 19. h4 h5 20. Nh2 g6 21. Ne3 Ncd4 22.
Nd5 Kg7 23. f4 exf4 24. Nxf4 Nxf4 25. Rxf4 Bc8 26. Raf1 Ne6 27. R4f2 Qe7 28.
Nf3 Rb8 29. Ng5 Nxg5 30. Qxg5 f6 31. Qd5 Qe5 32. Qxe5 dxe5 33. cxb5 axb5 34.
Rc1 1/2-1/2

[Event "Michigan Class A"]
[Site "Grand Rapids, MI"]
[Date "2001.01.13"]
[Round "2"]
[White "Evans Sr., Thomas"]
[Black "Bailey, Greg"]
[Result "0-1"]
[WhiteElo "1823"]
[BlackElo "1908"]
[PlyCount "87"]
[EventDate "2001.01.13"]

1. d4 e6 2. c4 Nf6 3. a3 d5 4. cxd5 exd5 5. Nc3 c6 6. Bg5 h6 7. Bh4 Be7 8. Qc2
Be6 9. e3 Nbd7 10. Nf3 b5 11. Bd3 a6 12. O-O O-O 13. Rfc1 Rc8 14. Na2 Nh5 15.
Bxe7 Qxe7 16. Nb4 Nb8 17. Ne5 Qd6 18. Qc5 Rfd8 19. Nbxc6 Qxc5 20. Rxc5 Nxc6 21.
Nxc6 Rd7 22. Rac1 Kh8 23. Nb4 Rxc5 24. Rxc5 Rd6 25. Rc6 Rxc6 26. Nxc6 Nf6 27.
a4 bxa4 28. Bxa6 Nd7 29. Kf1 Nb6 30. Ke2 Kg8 31. Kd2 Kf8 32. Kc3 Ke8 33. Kb4
Kd7 34. Ne5+ Kc7 35. Bb5 f6 36. Nd3 g5 37. Nc5 Bg4 38. Bxa4 Nc4 39. Kc3 h5 40.
b3 Nd6 41. h3 Be2 42. Kd2 Bf1 43. g3 Bxh3 44. b4 0-1

[Event "Michigan Class A"]
[Site "Grand Rapids, MI"]
[Date "2001.01.13"]
[Round "1"]
[White "Evans Sr., Thomas"]
[Black "Aldrich, Jeff"]
[Result "1-0"]
[WhiteElo "1823"]
[BlackElo "1900"]
[PlyCount "69"]
[EventDate "2001.01.13"]

1. e4 c6 2. d4 d5 3. e5 Bf5 4. Bd3 Bxd3 5. Qxd3 e6 6. Nf3 Ne7 7. Nh4 Nd7 8. O-O
c5 9. c3 Nc6 10. Nf3 Rc8 11. a3 Be7 12. b4 cxd4 13. cxd4 O-O 14. Bb2 Nb6 15.
Nbd2 Na4 16. Rab1 Nxb2 17. Rxb2 f6 18. Nb3 b6 19. Rc2 fxe5 20. dxe5 Rxf3 21.
Qxf3 Nxe5 22. Qe2 Rxc2 23. Qxc2 Bd6 24. Qe2 Qf6 25. g3 Nc4 26. Rd1 Nxa3 27. Nd4
e5 28. Nb5 Nxb5 29. Qxb5 d4 30. Qd5+ Kf8 31. Rc1 g6 32. Rc8+ Ke7 33. Ra8 Qe6
34. Re8+ Kxe8 35. Qxe6+ 1-0

[Event "Michigan Class A"]
[Site "Grand Rapids, MI"]
[Date "2001.01.13"]
[Round "3"]
[White "Estlick, Laurence"]
[Black "Ho, Randy"]
[Result "0-1"]
[WhiteElo "1907"]
[BlackElo "1865"]
[PlyCount "75"]
[EventDate "2001.01.13"]

1. d4 d6 2. e4 Nf6 3. Nc3 c6 4. h3 e6 5. Be3 Be7 6. Bd3 e5 7. Nf3 exd4 8. Nxd4
O-O 9. Qd2 Re8 10. O-O-O b5 11. Nf5 Qa5 12. Nxe7+ Rxe7 13. Kb1 b4 14. Ne2 Be6
15. b3 c5 16. Nf4 Na6 17. Nxe6 fxe6 18. g4 Nc7 19. g5 Nxe4 20. Bxe4 Nb5 21. Qd3
Nc3+ 22. Kc1 d5 23. Bxh7+ Kh8 24. Kd2 d4 25. Bf4 Rf8 26. Qg3 Kxh7 27. Qh4+ Kg8
28. g6 Ne4+ 29. Ke1 Nf6 30. Bd6 Rfe8 31. Bxe7 Rxe7 32. Rg1 Qxa2 33. Rc1 Qb2 34.
Qf4 e5 35. Qd2 Ne4 36. Qd1 d3 37. f3 d2+ 38. Ke2 0-1

[Event "Michigan Class B"]
[Site "Grand Rapids, MI"]
[Date "2001.01.13"]
[Round "1"]
[White "DeFrayne, Don"]
[Black "Mellas, Jim"]
[Result "1-0"]
[WhiteElo "1678"]
[BlackElo "1610"]
[PlyCount "53"]
[EventDate "2001.01.13"]

1. e4 e5 2. Nf3 Nc6 3. c3 Nf6 4. d4 exd4 5. e5 Nd5 6. Qb3 Nb6 7. cxd4 d6 8. Bb5
Bd7 9. O-O dxe5 10. Re1 Be7 11. Bxc6 Bxc6 12. Nxe5 Qd5 13. Qg3 O-O-O 14. Qh3+
Kb8 15. Nc3 Qxd4 16. Nxf7 Rhf8 17. Be3 Qd7 18. Nxd8 Qxd8 19. Rad1 Bd7 20. Qg3
Bd6 21. Rxd6 cxd6 22. Qxd6+ Ka8 23. Bxb6 axb6 24. Rd1 Rf7 25. Qa3+ Kb8 26. Nb5
Qe8 27. Qa7+ 1-0

[Event "Michigan Class A"]
[Site "Grand Rapids, MI"]
[Date "2001.01.13"]
[Round "2"]
[White "Aldrich, Jeff"]
[Black "Ho, Randy"]
[Result "1-0"]
[WhiteElo "1900"]
[BlackElo "1865"]
[PlyCount "65"]
[EventDate "2001.01.13"]

1. d4 d6 2. c4 e5 3. dxe5 dxe5 4. Qxd8+ Kxd8 5. Nf3 f6 6. Nc3 c6 7. g3 Be6 8.
b3 Kc7 9. Bg2 Nd7 10. O-O Nh6 11. Bxh6 gxh6 12. Rfd1 f5 13. Bh3 Bb4 14. Na4
Rae8 15. a3 Bd6 16. Nc3 Rhg8 17. Nh4 Rg5 18. Rd2 Nc5 19. Rb1 a5 20. b4 axb4 21.
axb4 Na6 22. b5 Nb4 23. b6+ Kxb6 24. Rxd6 Kc5 25. Rxe6 Rxe6 26. Bxf5 Re7 27.
Ne4+ Kxc4 28. Nxg5 hxg5 29. Nf3 h6 30. Nd2+ Kb5 31. Bd3+ Ka5 32. Nc4+ Ka4 33.
Ra1+ 1-0

[Event "Michigan Class B"]
[Site "Grand Rapids, MI"]
[Date "2001.01.14"]
[Round "4"]
[White "West, Tony"]
[Black "Anderson, Gale"]
[Result "1/2-1/2"]
[WhiteElo "1731"]
[BlackElo "1600"]
[PlyCount "171"]
[EventDate "2001.01.13"]

1. e4 e6 2. d4 d5 3. Nc3 Nf6 4. Bg5 Be7 5. Bxf6 Bxf6 6. e5 Be7 7. Qg4 Kf8 8.
Nd1 c5 9. c3 b6 10. Bd3 Ba6 11. Bc2 Nc6 12. a3 Rc8 13. Ne3 h5 14. Qd1 Bg5 15.
Nf3 Bh6 16. Bd3 Bb7 17. O-O g5 18. Ne1 cxd4 19. cxd4 g4 20. N1c2 Qe7 21. f4 Ke8
22. Bb5 Kd8 23. f5 a6 24. Bxc6 Bxc6 25. Qe1 Ba4 26. f6 Qb7 27. Nb4 Kd7 28. Kh1
Rc7 29. Na2 Bb5 30. Rg1 Bd3 31. Nc3 b5 32. Rd1 Bg6 33. Qf2 Rhc8 34. Rge1 Qc6
35. Rc1 Qb6 36. Rcd1 Qa5 37. Ra1 Rc6 38. Qe2 Bg5 39. Qd1 Bh4 40. Re2 Bg5 41.
Re1 Qb6 42. Qd2 Qd8 43. Qd1 Qh8 44. Qb3 Qf8 45. Rac1 R8c7 46. Ra1 Bh6 47. Nexd5
exd5 48. Qxd5+ Kc8 49. e6 fxe6 50. Rxe6 Bf7 51. Qxc6 Rxc6 52. Rxc6+ Kb7 53. Rc5
Qd8 54. Re1 Bf8 55. Rf5 Bg6 56. Rff1 Bd3 57. Rf4 g3 58. hxg3 Bd6 59. Rf3 Bc4
60. Ne4 Bf8 61. Nc5+ Kb6 62. Ne6 Bxe6 63. Rxe6+ Kc7 64. Rc3+ Kb7 65. Rcc6 Qxd4
66. Rc3 Bc5 67. Rce3 Qxe3 68. Rxe3 Bxe3 69. f7 Bc5 70. Kh2 Kc7 71. Kh3 Be7 72.
g4 hxg4+ 73. Kxg4 Kd7 74. Kf5 a5 75. g4 Bc5 76. Kf6 Bd4+ 77. Kg6 Ke7 78. b3 a4
79. bxa4 bxa4 80. g5 Kf8 81. Kh7 Kxf7 82. g6+ Ke6 83. g7 Bxg7 84. Kxg7 Kd5 85.
Kf6 Kc4 86. Ke5 1/2-1/2

[Event "Michigan Class C"]
[Site "Grand Rapids, MI"]
[Date "2001.01.14"]
[Round "5"]
[White "Spencer, Gordon"]
[Black "Bloch, Hermann"]
[Result "1/2-1/2"]
[WhiteElo "1411"]
[BlackElo "1489"]
[PlyCount "117"]
[EventDate "2001.01.13"]

1. Nf3 d5 2. d3 Nc6 3. g3 g6 4. Bg2 Nf6 5. b3 Bg7 6. Bb2 O-O 7. O-O Nh5 8. Bxg7
Nxg7 9. Nbd2 f5 10. e3 e6 11. d4 Nh5 12. c4 Ne7 13. Ne5 c6 14. cxd5 cxd5 15.
Rc1 Nf6 16. Rc3 Bd7 17. Qc2 Nc6 18. Nxc6 Bxc6 19. Nf3 Nd7 20. Rc1 Rc8 21. Ne1
Nb6 22. Nd3 Bd7 23. Rxc8 Qxc8 24. Qxc8 Rxc8 25. Rxc8+ Bxc8 26. Nc5 Kf7 27. Bf1
Nd7 28. Na4 a6 29. b4 b6 30. a3 Bb7 31. f4 Bc6 32. Nb2 Nb8 33. Nd3 Ke7 34. Ne1
Kd6 35. Nf3 Ba4 36. Kg2 Bb5 37. Bxb5 axb5 38. Kh3 Nd7 39. Kh4 h6 40. g4 fxg4
41. Kxg4 Nf6+ 42. Kh4 Nd7 43. h3 Ke7 44. Kg4 Nf6+ 45. Kg3 Ne4+ 46. Kg2 Nd6 47.
Ne5 Nc4 48. Nxg6+ Kd6 49. Kf2 Nxa3 50. Ne5 Kc7 51. h4 h5 52. Ke2 Nc4 53. Nf3
Nd6 54. Ng5 Kd7 55. Nh7 Ke7 56. Ng5 Ne4 57. Nxe4 dxe4 58. Ke1 Kd6 59. Kd2
1/2-1/2

[Event "Michigan Class A"]
[Site "Grand Rapids, MI"]
[Date "2001.01.14"]
[Round "5"]
[White "Skidmore, Mike"]
[Black "Ho, Randy"]
[Result "0-1"]
[WhiteElo "1831"]
[BlackElo "1865"]
[PlyCount "68"]
[EventDate "2001.01.13"]

1. e4 c5 2. Nf3 d6 3. Bb5+ Bd7 4. Bxd7+ Qxd7 5. O-O Nc6 6. c3 Nf6 7. d3 e6 8.
h3 Be7 9. Nh2 d5 10. Qc2 O-O 11. f4 dxe4 12. dxe4 Rad8 13. e5 Nd5 14. Ng4 f5
15. exf6 Nxf6 16. Nxf6+ Bxf6 17. Nd2 e5 18. Ne4 Be7 19. Be3 b6 20. Rad1 Qc7 21.
Qb3+ Kh8 22. Qe6 exf4 23. Bc1 Qc8 24. Qxc8 Rxc8 25. Bxf4 Rcd8 26. Ng5 Rxd1 27.
Rxd1 Rxf4 28. Re1 Rf5 29. Nf3 h6 30. Re6 Rf6 31. Re1 Rd6 32. Kf1 Bf6 33. Re8+
Kh7 34. Rc8 Ne5 0-1

[Event "Michigan Class C"]
[Site "Grand Rapids, MI"]
[Date "2001.01.14"]
[Round "5"]
[White "Raban, David"]
[Black "Grzegorczyk, Ron"]
[Result "1-0"]
[WhiteElo "1520"]
[BlackElo "1523"]
[PlyCount "71"]
[EventDate "2001.01.13"]

1. d4 d5 2. c4 c6 3. cxd5 cxd5 4. Nc3 e6 5. Bf4 a6 6. Nf3 Nc6 7. e4 dxe4 8.
Nxe4 Bb4+ 9. Nc3 Nge7 10. a3 Bd6 11. Bxd6 Qxd6 12. Bd3 O-O 13. Qc2 g6 14. O-O-O
Nxd4 15. Nxd4 Qxd4 16. Kb1 Qc5 17. h4 b5 18. h5 Bb7 19. hxg6 fxg6 20. f3 Nf5
21. g4 Nd4 22. Qh2 h5 23. gxh5 g5 24. Be4 Bxe4+ 25. Nxe4 Qd5 26. Nxg5 Qf5+ 27.
Ka1 Nxf3 28. Nxf3 Qxf3 29. Rhg1+ Kh7 30. Rd7+ Rf7 31. Qc2+ Kh8 32. Rxf7 Qxf7
33. Qc3+ Kh7 34. Qd3+ Qf5 35. Qd7+ Kh8 36. Qg7# 1-0